| 000 | 01501nam a22002537a 4500 | ||
|---|---|---|---|
| 005 | 20110407105145.0 | ||
| 020 |
_a8182631394 _c20.00 |
||
| 035 | _aB-432464-468 | ||
| 037 |
_aDPL _bBlue Berry |
||
| 082 | _aS | ||
| 100 |
_aGowda, Venkatramana _929840 |
||
| 245 |
_aThe Day the vegetables came to School / _cby Venkatramana Gowda ; illustrated by Padmanabha ; translated by Divaspathy Hegde |
||
| 250 | _a3rd | ||
| 260 |
_aNew Delhi _bPratham Books _c2010 |
||
| 270 |
_a633-634,4th "C" Main,6th 'B' Cross, OMBR Layout Banaswadi, _bBangalore _e560043 _k911141042483 (New Delhi) |
||
| 300 |
_a24p. _bill. _c13 cm.(pbk) |
||
| 942 |
_2ddc _cCH _hS _mGOW |
||
| 999 |
_c51489 _d51489 |
||